00225nam a2200085Ia 450000100070000000500170000700800410002424500530006526000210011886278420250826175438.0250824s9999 xx 000 0 und d 0aKAYIP YÜZYILIN PRENSESİcKAHRAMAN TAZEOĞLU bDESTEK YAYINLARI